Complete Book of Modern Business letters /

محفوظ في:
التفاصيل البيبلوغرافية
المؤلف الرئيسي: Cresci, Martha W.
التنسيق: Sách giấy
اللغة:English
منشور في: New York : Reward Book , 1993
الوسوم: إضافة وسم
لا توجد وسوم, كن أول من يضع وسما على هذه التسجيلة!
Thư viện lưu trữ: Thư viện Trường Đại học Đà Lạt
LEADER 00596nam a2200253 4500
001 DLU020015758
005 ##10/17/2000
020 # # |a 978- 
041 # # |a eng 
082 # # |a 808.066  |b CR-M 
090 # # |a 808.066  |b CR-M 
100 # # |a Cresci, Martha W. 
245 # # |a Complete Book of Modern Business letters /  |c Cresci Martha W. 
260 # # |a New York :  |b Reward Book ,  |c 1993 
300 # # |a 300 tr.;   |c 20 cm. 
992 # # |a 18000 
994 # # |a DLU 
900 # # |a False 
911 # # |a Administrator 
925 # # |a G 
926 # # |a A 
927 # # |a SH 
980 # # |a Thư viện Trường Đại học Đà Lạt